| 000 | 00417nam a2200157Ia 4500 | ||
|---|---|---|---|
| 005 | 20250701161344.0 | ||
| 008 | 240331s9999 xx 000 0 und d | ||
| 020 | _a9552006406 | ||
| 082 |
_bRAJ _a613 |
||
| 100 | _aRajapakshe,D.S.N | ||
| 245 | 0 | _aMaranthika ADS handunaganna walakwaganna | |
| 260 |
_aColombo _bS. Godage & Brothers _c1992 |
||
| 300 | _a96 p ., | ||
| 500 | _aA book on Avoid getting AIDS | ||
| 942 | _cL | ||
| 999 |
_c3415 _d3415 |
||